Programming And Problem Solving With JAVA (Record no. 330191)

MARC details
000 -LEADER
fixed length control field 00474nam a2200169Ia 4500
008 - FIXED-LENGTH DATA ELEMENTS--GENERAL INFORMATION
fixed length control field 230718s9999 xx 000 0 und d
020 ## - INTERNATIONAL STANDARD BOOK NUMBER
International Standard Book Number 978-81-7800-174-6
041 ## - LANGUAGE CODE
Language code of text/sound track or separate title eng
082 ## - DEWEY DECIMAL CLASSIFICATION NUMBER
Classification number 005.13'3
Item number SLA
100 ## - MAIN ENTRY--PERSONAL NAME
Personal name Slack J.M.
9 (RLIN) 193292
245 ## - TITLE STATEMENT
Title Programming And Problem Solving With JAVA
260 ## - PUBLICATION, DISTRIBUTION, ETC. (IMPRINT)
Date of publication, distribution, etc. 2008
Name of publisher, distributor, etc. BS Publications
300 ## - PHYSICAL DESCRIPTION
Extent 1136
365 ## - TRADE PRICE
Currency code Rs.
Price amount 595.00
700 ## - ADDED ENTRY--PERSONAL NAME
Personal name Slack J.M.
9 (RLIN) 193292
906 ## - LOCAL DATA ELEMENT F, LDF (RLIN)
d O:0266027-Feb-2012B:1088407-Feb-2012
c IT
b 148.75
Holdings
Withdrawn status Lost status Damaged status Not for loan Home library Current library Date acquired Vendor Budget Code Cost, normal purchase price Bill number Total Checkouts Full call number Barcode Date last seen Date last checked out Discount Cost, replacement price Bill Date Koha item type Original Barcode
        Cummins College of Engineering for Women Pune Cummins College of Engineering for Women Pune 27/02/2012 Technical Book Services IT 446.25 10884 1 005.13'3 CCEP-BK-41398 25/10/2023 10/10/2023 148.75 595.00 07/02/2012 Books 041398